000
00243nam a2200097Ia 4500
082
_a
EF SPRA
245
0
_a
The fruit of stone
100
_a
SPRAGG, Mark London, 2003
_9
92708
942
_c
BK
008
210817s9999 xx 000 0 und d
999
_c
378354
_d
378353